Loading...
Beliefs | 7 | 15.71 | 100% | 57% | 0% |
Fine Arts - Classical Music and Opera | 4 | 17.50 | 100% | 50% | 25% |
Fine Arts - Other Fine Arts | 5 | 18.00 | 100% | 60% | 20% |
Fine Arts - Visual Fine Arts | 7 | 18.57 | 100% | 71% | 14% |
Geography | 4 | 10.00 | 75% | 25% | 0% |
History - European History | 4 | 15.00 | 100% | 50% | 0% |
History - Other History | 4 | 17.50 | 100% | 75% | 0% |
History - US History | 2 | 25.00 | 100% | 100% | 50% |
History - World History | 4 | 17.50 | 100% | 50% | 25% |
Literature - American Literature | 6 | 21.67 | 83% | 83% | 50% |
Literature - British Literature | 3 | 13.33 | 67% | 67% | 0% |
Literature - European Literature | 8 | 18.75 | 100% | 63% | 25% |
Literature - World Literature | 4 | 15.00 | 75% | 75% | 0% |
Modern World | 3 | 10.00 | 100% | 0% | 0% |
Other Academic | 2 | 15.00 | 100% | 50% | 0% |
Philosophy | 7 | 18.57 | 100% | 57% | 29% |
Science - Astronomy | 1 | 20.00 | 100% | 100% | 0% |
Science - Biology | 9 | 10.00 | 67% | 33% | 0% |
Science - Chemistry | 5 | 12.00 | 80% | 40% | 0% |
Science - Other Science | 8 | 3.75 | 38% | 0% | 0% |
Science - Physics | 5 | 10.00 | 100% | 0% | 0% |
Social Science | 7 | 11.43 | 71% | 43% | 0% |